Organic chemistry / (Record no. 170008)

MARC details
000 -LEADER
fixed length control field 00750nam a22002297a 4500
005 - DATE AND TIME OF LATEST TRANSACTION
control field 20191210113936.0
010 ## - LCCN (DPL NO)
LC control number ENG-127043
020 ## - INTERNATIONAL STANDARD BOOK NUMBER
Terms of availability 989.00
International Standard Book Number 9789389342673
035 ## - SYSTEM CONTROL NUMBER
System control number EN-110575
037 ## - SOURCE OF ACQUISITION
Source of stock number/acquisition DBAD/PUB
082 ## - DEWEY DECIMAL CLASSIFICATION NUMBER
Classification number 547
Edition number 9th
100 ## - MAIN ENTRY--PERSONAL NAME
Personal name Wade, Leroy G.
245 ## - TITLE STATEMENT
Title Organic chemistry /
Statement of responsibility, etc by Leroy G. Wade, Jan W.Simek [and] Maya Shankar Singh
260 ## - PUBLICATION, DISTRIBUTION, ETC. (IMPRINT)
Place of publication, distribution, etc Noida
Name of publisher, distributor, etc Pearson India Education
Date of publication, distribution, etc 2020
270 ## - ADDRESS
Address 15th Floor, Tower-B, World Trade Tower, Plot No.1, Block-C, Sector 16
City Noida, Uttar Pradesh
Postal code 201301
Telephone number 044-66540100
300 ## - PHYSICAL DESCRIPTION
Extent 1572p.
Dimensions 27cm(pbk)
500 ## - GENERAL NOTE
General note Includes index
700 ## - ADDED ENTRY--PERSONAL NAME
Personal name Wade, Leroy G.
700 ## - ADDED ENTRY--PERSONAL NAME
Personal name Simek, Jan W.
700 ## - ADDED ENTRY--PERSONAL NAME
Personal name Singh, Maya Shankar
942 ## - ADDED ENTRY ELEMENTS (KOHA)
Source of classification or shelving scheme Dewey Decimal Classification
Item type English Books
Classification part 547
Call number suffix Wad
Holdings
Withdrawn status Lost status Not for loan Collection code Home library Current library Date acquired Source of acquisition Cost, normal purchase price Full call number Barcode Copy number Cost, replacement price Koha item type
      Non-fiction Andrews Gunj Andrews Gunj 10/12/2019 DBAD/PUB 989.00 547 Wade EN-110575 1 989.00 English Books

© Delhi Public Library
Hit Counter
free hit counter